La cristíada

Uloženo v:
Podrobná bibliografie
Hlavní autor: Hojeda, Fray Diego de
Médium: Kniha
Jazyk:Undetermined
Vydáno: Barcelona, España La Educación 1931
Témata:
Tagy: Přidat tag
Žádné tagy, Buďte první, kdo vytvoří štítek k tomuto záznamu!

MARC

LEADER 00000nam a2200000Ia 4500
008 170316s9999 xx 000 0 und d
040 |a cru BVZT 
090 |a 862 H-9c 
100 |a Hojeda, Fray Diego de 
245 |a La cristíada 
260 |a Barcelona, España 
260 |b La Educación 
260 |c 1931 
300 |a 149 páginas 
650 |a LITERATURA ESPAÑOLA 
999 |c 10002  |d 10002 
942 |c 15 D  |h 862 H-9c  |2 z